000 01644cam a22002174a 4500
005 20250605163950.0
008 250528s ||||||||||||||||||||||||d
035 _a15364
020 _a131495437
040 _aGR-AtMCL
_bgre
_dGR-AtMCL
_eAACR2
245 1 _aPersonnel Management / HRM in Action: Third Edition
250 _a3rd
260 _bPrentice Hall,
_c1995
300 _a702
520 _aThis book presents a clear statement of personnel management philosophy, supported by extensive evidence of current practice. Preface, Introduction, The Nature of Personnel Management, Organization Strategy, Human Resource Strategy, Organization, Strategic Aspects of Organization, Planning: Jobs and People, Structure and Culture, Organizational Communication and Systems, Information, Interactive Skill: Presentation, Resourcing, Strategic Aspects of Resourcing, Contracts of Employment and Contractors and Consultants, Recruitment, Selection: Methods and Decisions, Ending the Employment Contract, Interactive Skill: Selection Interviewing, Performance, Strategic Aspects of Performance, Organizational Performance, Team Performance, Managing Diversity, Interactive Skill: Performance Appraisal, Development, Strategic Aspects of Development, Managing Development, Career Development, Interactive Skill: Teaching, Involvement, Trade Union Recognition and Consultation, Health and Safety and Welfare, Grievance and Discipline, Pay, Job Evaluation, Pensions and Sick Pay, Finale, The International Dimension, Index.
700 1 _aHall Laura
_91266
700 1 _aTorrington Derek
_91267
942 _cBK
999 _c951
_d951